[Event "Solingen-ch 2018"]
[Site "Solingen"]
[Date "2018.11.30"]
[Round "6.8"]
[White "Falge, Rainer"]
[Black "Meckel, Helmut"]
[Result "0-1"]
[WhiteElo "1692"]
[BlackElo "1780"]
[PlyCount "40"]
[EventDate "2018.??.??"]
[WhiteTeam "SG Solingen"]
[BlackTeam "SG Solingen"]

1. e4 e6 2. Nc3 d5 3. exd5 exd5 4. d4 Nf6 5. Nf3 Bb4 6. Bd2 Nc6 7. Bd3 Bg4 8.
a3 Qe7+ 9. Be3 Bxc3+ 10. bxc3 Ne4 11. c4 Nxd4 12. Bxe4 dxe4 13. Qxd4 Bxf3 14.
gxf3 exf3 15. Qb2 O-O-O 16. Rd1 f5 17. O-O Qh4 18. Kh1 Qg4 19. Rxd8+ Rxd8 20.
Rg1 Qxg1+ 0-1

[Event "Solingen-ch 2018"]
[Site "Solingen"]
[Date "2018.11.30"]
[Round "6.9"]
[White "Beyer, Fabian"]
[Black "Fränzel, Dr. Marius"]
[Result "1/2-1/2"]
[WhiteElo "1893"]
[BlackElo "1786"]
[PlyCount "49"]
[EventDate "2018.??.??"]
[WhiteTeam "SG Solingen"]
[BlackTeam "SG Solingen"]

1. Nf3 d5 2. d4 Nf6 3. c4 c6 4. Nc3 dxc4 5. a4 Bf5 6. e3 e6 7. Bxc4 Bb4 8. O-O
Nbd7 9. Qb3 a5 10. Na2 Qb6 11. Nxb4 Qxb4 12. Qxb4 axb4 13. Bd2 Nb6 14. Bb3 Nbd5
15. Bxd5 Nxd5 16. Rfe1 Bc2 17. e4 Nf6 18. Bxb4 Bxe4 19. Ne5 Bd5 20. a5 Nd7 21.
f4 f6 22. Nd3 Kf7 23. Nc5 Nxc5 24. Bxc5 Rhe8 25. b4 1/2-1/2

[Event "Solingen-ch 2018"]
[Site "Solingen"]
[Date "2018.11.30"]
[Round "6.10"]
[White "Alexopoulos, Dr. Spiros"]
[Black "Oler, Gürkan"]
[Result "1/2-1/2"]
[WhiteElo "1870"]
[BlackElo "1884"]
[PlyCount "28"]
[EventDate "2018.??.??"]
[WhiteTeam "Aachener SV"]
[BlackTeam "SC Erkrath"]

1. e4 d6 2. d4 Nf6 3. Nc3 Nbd7 4. Nf3 e5 5. d5 Be7 6. Be3 Ng4 7. Qd2 Nxe3 8.
Qxe3 Nf6 9. h3 c6 10. Bc4 b5 11. Bb3 b4 12. Ne2 cxd5 13. Bxd5 Nxd5 14. exd5 Bf5
1/2-1/2

[Event "Solingen-ch 2018"]
[Site "Solingen"]
[Date "2018.11.30"]
[Round "6.11"]
[White "Skiber, Friedel"]
[Black "von Häfen, Dieter"]
[Result "1-0"]
[WhiteElo "1705"]
[BlackElo "1732"]
[PlyCount "165"]
[EventDate "2018.??.??"]
[WhiteTeam "SG Solingen"]
[BlackTeam "SV Hennef"]

1. e4 e6 2. Nc3 d5 3. d4 Bb4 4. exd5 Qxd5 5. a3 Bxc3+ 6. bxc3 Nf6 7. c4 Qe4+ 8.
Be3 O-O 9. Nf3 Nc6 10. Bd3 Qg4 11. O-O Re8 12. Be2 Qg6 13. Nh4 Qe4 14. g3 h6
15. Bd3 Qg4 16. Be2 Qe4 17. Qd2 e5 18. f3 Qh7 19. c3 Bf5 20. d5 Na5 21. Nxf5
Qxf5 22. Rab1 b6 23. c5 Rad8 24. c4 Nb7 25. Bd3 Qh5 26. cxb6 axb6 27. Qg2 Nd6
28. g4 Qh4 29. Bf2 Qg5 30. Rfe1 Qd2 31. Rbd1 Qc3 32. g5 hxg5 33. Qxg5 e4 34.
Be2 exf3 35. Bd4 f2+ 36. Bxf2 Nde4 37. Qh4 Nxf2 38. Qxf2 Qxa3 39. Rd3 Qc5 40.
Rf3 Qxf2+ 41. Rxf2 Ne4 42. Rg2 Nc3 43. Kf1 Nxe2 44. Rexe2 Rxe2 45. Kxe2 Kf8 46.
Rg3 Ra8 47. h4 Ra4 48. Rc3 Ke7 49. Kd3 Ra1 50. Rc2 Rh1 51. Re2+ Kd6 52. Re4 f5
53. Re6+ Kd7 54. Rg6 Rxh4 55. Rxg7+ Kc8 56. Rf7 f4 57. Rf8+ Kd7 58. Rf7+ Kd6
59. Rf6+ Ke7 60. Re6+ Kd7 61. Rf6 Rh3+ 62. Ke4 f3 63. Rf7+ Kd6 64. Rf6+ Ke7 65.
Rf4 Kd7 66. Rf7+ Kc8 67. Rf8+ Kb7 68. Rxf3 Rxf3 69. Kxf3 Ka6 70. Ke4 Ka5 71.
Kd4 Kb4 72. Kd3 Kb3 73. Kd4 Kc2 74. c5 b5 75. d6 cxd6 76. cxd6 b4 77. d7 b3 78.
d8=Q b2 79. Qc8+ Kb3 80. Qc3+ Ka2 81. Qa5+ Kb1 82. Kd3 Kc1 83. Qe1# 1-0

[Event "Solingen-ch 2018"]
[Site "Solingen"]
[Date "2018.11.30"]
[Round "6.12"]
[White "Littek, Oliver"]
[Black "Sherif, Malik"]
[Result "1/2-1/2"]
[WhiteElo "1569"]
[BlackElo "1729"]
[PlyCount "127"]
[EventDate "2018.??.??"]
[WhiteTeam "SG Solingen"]
[BlackTeam "SG Solingen"]

1. e4 e5 2. Nf3 Nf6 3. Nc3 Nc6 4. Bb5 a6 5. Ba4 b5 6. Bb3 Bc5 7. O-O O-O 8. a3
Bb7 9. d3 h6 10. Qe2 Re8 11. Be3 Nd4 12. Qd1 Nxb3 13. cxb3 Bxe3 14. fxe3 Qe7
15. Rc1 Rac8 16. Ne2 Qe6 17. Ng3 Ng4 18. Qe2 Qxb3 19. Nf5 Nf6 20. Rc3 Qe6 21.
Qf2 Bxe4 22. N3h4 Bxf5 23. Nxf5 Nd5 24. Qg3 Qg6 25. Qxg6 fxg6 26. Rc5 c6 27.
Nd6 Nxe3 28. Rf3 Nd5 29. Nxc8 Rxc8 30. Rc1 Re8 31. Re1 d6 32. Ref1 Nf6 33. b4
Re6 34. Rc1 d5 35. Re3 e4 36. dxe4 Nxe4 37. Rf1 Re7 38. Ref3 Re6 39. Rf8+ Kh7
40. Ra8 c5 41. Rff8 g5 42. bxc5 Nxc5 43. Rad8 Re5 44. Rfe8 Rf5 45. Rd6 h5 46.
Red8 d4 47. Rxd4 Ne6 48. R4d5 Nxd8 49. Rxf5 Kg6 50. Rd5 Nb7 51. Rd7 Nc5 52. Rc7
Nd3 53. Rc6+ Kf7 54. Rxa6 Nb2 55. Rc6 Na4 56. Rc7+ Kf6 57. Rb7 Nc3 58. Kf1 g6
59. Kf2 Ne4+ 60. Ke3 Nd6 61. Rb6 Ke5 62. Ke2 Kd5 63. Rb8 Ke5 64. Rg8 1/2-1/2

[Event "Solingen-ch 2018"]
[Site "Solingen"]
[Date "2018.11.21"]
[Round "6.13"]
[White "Büttgenbach, Uwe-Eugen"]
[Black "Ipekyilmaz, Mert"]
[Result "1/2-1/2"]
[WhiteElo "1641"]
[BlackElo "1710"]
[PlyCount "61"]
[EventDate "2018.??.??"]
[WhiteTeam "Ford SF Köln"]
[BlackTeam "Düsseldorfer SK"]

1. e4 e6 2. d3 d5 3. exd5 exd5 4. Be3 Nf6 5. Be2 Bf5 6. Nf3 Nbd7 7. Nh4 Bg6 8.
f4 h6 9. Nxg6 fxg6 10. Bf3 Bd6 11. Nc3 c6 12. Qe2 Qe7 13. O-O-O O-O-O 14. Qf2
Bc5 15. Rhe1 Bxe3+ 16. Rxe3 Qd6 17. g3 d4 18. Ne4 Qe6 19. Ree1 Nxe4 20. Bxe4
Qxa2 21. Qxd4 Nf6 22. Qc3 Nxe4 23. Rxe4 Qf7 24. Qc5 Qa2 25. b3 Rd5 26. Qc3 Qa3+
27. Kb1 Qf8 28. Rde1 Qf6 29. Qxf6 gxf6 30. Re8+ Rxe8 31. Rxe8+ 1/2-1/2

[Event "Solingen-ch 2018"]
[Site "Solingen"]
[Date "2018.11.30"]
[Round "6.14"]
[White "Falk, Thomas"]
[Black "Schubert, Stefan"]
[Result "1-0"]
[WhiteElo "1552"]
[BlackElo "1592"]
[PlyCount "81"]
[EventDate "2018.??.??"]
[WhiteTeam "Elberfelder SG"]
[BlackTeam "SG Solingen"]

1. d4 g6 2. Bf4 Bg7 3. e3 d6 4. Nf3 Bf5 5. Bd3 Bxd3 6. Qxd3 Nd7 7. c3 e5 8.
dxe5 Nxe5 9. Nxe5 dxe5 10. Qxd8+ Rxd8 11. Bg5 f6 12. Bh4 Ne7 13. Ke2 Nf5 14.
Bg3 O-O 15. e4 Nd6 16. Nd2 Bh6 17. f3 Bxd2 18. Kxd2 Nxe4+ 19. Ke3 Nc5 20. Rhd1
Rd6 21. Rxd6 cxd6 22. Rd1 Rd8 23. Bf2 b6 24. c4 Kf7 25. Rd5 Ke6 26. Be1 Rc8 27.
Bb4 a5 28. Bxc5 Rxc5 29. Rxc5 bxc5 30. f4 d5 31. cxd5+ Kxd5 32. fxe5 fxe5 33.
b3 g5 34. g4 h6 35. h3 e4 36. a3 a4 37. bxa4 c4 38. a5 Kc6 39. Kxe4 c3 40. Kd3
Kb5 41. a6 1-0

[Event "Solingen-ch 2018"]
[Site "Solingen"]
[Date "2018.12.14"]
[Round "7.1"]
[White "Zolfagharian, Kevin"]
[Black "Görke, Joachim"]
[Result "1/2-1/2"]
[WhiteElo "2165"]
[BlackElo "2110"]
[PlyCount "35"]
[EventDate "2018.??.??"]
[WhiteTeam "SG Solingen"]
[BlackTeam "SG Solingen"]

1. e4 c6 2. d4 d5 3. e5 Bf5 4. h4 h6 5. g4 Bd7 6. Be3 Qb6 7. b3 e6 8. Nf3 a6 9.
Bg2 c5 10. h5 cxd4 11. Bxd4 Bc5 12. O-O Nc6 13. Bxc5 Qxc5 14. c3 Nge7 15. Qd3
g6 16. Nbd2 gxh5 17. gxh5 Nf5 18. c4 1/2-1/2

[Event "Solingen-ch 2018"]
[Site "Solingen"]
[Date "2018.12.14"]
[Round "7.2"]
[White "Hobusch, Jan"]
[Black "Flesch, Dr. Stefan"]
[Result "1/2-1/2"]
[WhiteElo "2180"]
[BlackElo "2051"]
[PlyCount "31"]
[EventDate "2018.??.??"]
[WhiteTeam "SG Solingen"]
[BlackTeam "SG Solingen"]

1. e4 e6 2. d4 d5 3. Nd2 Nc6 4. Ngf3 Nf6 5. e5 Nd7 6. c3 f6 7. exf6 Qxf6 8. Bb5
Bd6 9. Nf1 O-O 10. Ne3 Nb6 11. O-O e5 12. Nxd5 Nxd5 13. Bc4 exd4 14. Bxd5+ Kh8
15. cxd4 Qf5 16. Bxc6 1/2-1/2

[Event "Solingen-ch 2018"]
[Site "Solingen"]
[Date "2018.12.14"]
[Round "7.4"]
[White "Nguyen, Gia Huy Philipp"]
[Black "Borchert, Stephan"]
[Result "0-1"]
[WhiteElo "1895"]
[BlackElo "1942"]
[PlyCount "92"]
[EventDate "2018.??.??"]
[WhiteTeam "SG Solingen"]
[BlackTeam "SG Solingen"]

1. e4 c5 2. Nf3 d6 3. d4 cxd4 4. Nxd4 Nf6 5. Nc3 g6 6. Be3 Bg7 7. f3 Nc6 8. Bc4
Bd7 9. Qd2 O-O 10. Bb3 a5 11. O-O-O a4 12. Bxa4 Nxd4 13. Bxd7 Nxc2 14. Kxc2
Qxd7 15. Bh6 Bxh6 16. Qxh6 Rfc8 17. Kb1 Ra5 18. Qd2 Rca8 19. Rhe1 Qe6 20. b3 b5
21. Qd4 Qc8 22. Rc1 Qa6 23. Rc2 Qb7 24. e5 dxe5 25. Rxe5 e6 26. Rxb5 Rxb5 27.
Nxb5 Nd5 28. Qc5 Rd8 29. a4 Qb8 30. g3 Qe5 31. f4 Qe4 32. Nc3 Qd3 33. Kb2 Ne3
34. Rf2 Rb8 35. Ka3 Nd5 36. Nb5 Qb1 37. Rb2 Qa1+ 38. Ra2 Qe1 39. Rc2 Qa1+ 40.
Ra2 Qd1 41. Qc2 Qf1 42. Qg2 Qc1+ 43. Rb2 Rc8 44. Qd2 Qc5+ 45. Ka2 Nb4+ 46. Kb1
Qg1+ 0-1

[Event "Solingen-ch 2018"]
[Site "Solingen"]
[Date "2018.12.14"]
[Round "7.5"]
[White "Meckel, Helmut"]
[Black "Podder, Michael"]
[Result "0-1"]
[WhiteElo "1780"]
[BlackElo "1826"]
[PlyCount "86"]
[EventDate "2018.??.??"]
[WhiteTeam "SG Solingen"]
[BlackTeam "Elberfelder SG"]

1. b4 d6 2. Bb2 Nd7 3. e3 Ngf6 4. c4 g6 5. f4 Bg7 6. Nf3 O-O 7. a4 b6 8. d3 e5
9. Be2 a5 10. b5 Ng4 11. Qc1 Nc5 12. Ra3 e4 13. Bxg7 Kxg7 14. dxe4 Nxe4 15. O-O
Qf6 16. Nbd2 Re8 17. Nxe4 Rxe4 18. Ng5 Re7 19. Bf3 Rb8 20. h3 Nh6 21. Bd5 Nf5
22. g4 Ng3 23. Rf2 h6 24. Nf3 Ne4 25. Bxe4 Rxe4 26. Nd2 Re7 27. Qc3 Qxc3 28.
Rxc3 Bb7 29. Re2 Rbe8 30. Kf2 f5 31. gxf5 gxf5 32. Nf1 Kf6 33. Ng3 Rg8 34. Rc1
Ke6 35. e4 fxe4 36. Nxe4 Reg7 37. Nc5+ Kf5 38. Nxb7 Kxf4 39. Rf1 Rg3 40. Re7
R8g6 41. Rxc7 Rxh3 42. Rd7 Rh2+ 43. Ke1+ Ke3 {ZÜ} 0-1

[Event "Solingen-ch 2018"]
[Site "Solingen"]
[Date "2018.12.14"]
[Round "7.8"]
[White "Oler, Gürkan"]
[Black "Skiber, Friedel"]
[Result "1-0"]
[WhiteElo "1884"]
[BlackElo "1705"]
[PlyCount "95"]
[EventDate "2018.??.??"]
[WhiteTeam "SC Erkrath"]
[BlackTeam "SG Solingen"]

1. d4 Nf6 2. Nf3 g6 3. Nc3 Bg7 4. e4 d6 5. h3 O-O 6. Be3 Nbd7 7. Bc4 c6 8. e5
Ne8 9. e6 fxe6 10. Bxe6+ Kh8 11. Ng5 Ndf6 12. Nf7+ Rxf7 13. Bxf7 e6 14. Bxe8
Qxe8 15. a4 b6 16. O-O Bb7 17. a5 Ba6 18. Re1 b5 19. Qf3 d5 20. Bg5 Qe7 21. Qe3
Re8 22. Bh6 b4 23. Bxg7+ Kxg7 24. Na4 Ne4 25. f3 Nd6 26. Qe5+ Kg8 27. Nc5 Bc8
28. b3 Nf7 29. Qe3 Qf6 30. Nd3 Qe7 31. Qd2 e5 32. Nxe5 Qh4 33. Nxf7 Kxf7 34.
Rxe8 Kxe8 35. Re1+ Kf7 36. Qe3 Bd7 37. Qf2 Qf6 38. Qd2 Qh4 39. Qxb4 c5 40. Qd2
cxd4 41. Rd1 Qg3 42. Qxd4 Bxh3 43. Qxd5+ Be6 44. Qb7+ Kf6 45. Qxa7 Kg5 46. Qe3+
Kf6 47. Re1 Qd6 48. Qxe6+ 1-0

[Event "Solingen-ch 2018"]
[Site "Solingen"]
[Date "2018.12.14"]
[Round "7.9"]
[White "Fränzel, Dr. Marius"]
[Black "Alexopoulos, Dr. Spiros"]
[Result "0-1"]
[WhiteElo "1786"]
[BlackElo "1870"]
[PlyCount "88"]
[EventDate "2018.??.??"]
[WhiteTeam "SG Solingen"]
[BlackTeam "Aachener SV"]

1. e4 e6 2. d4 d5 3. exd5 exd5 4. c4 Nf6 5. Nc3 Bb4 6. Nf3 O-O 7. Be2 dxc4 8.
Bxc4 Nbd7 9. O-O Nb6 10. Bb3 h6 11. h3 Bf5 12. Ne5 c6 13. Qf3 Bh7 14. Rd1 Nbd5
15. Bd2 Be7 16. Re1 Nxc3 17. bxc3 Nd5 18. Qg4 Bg5 19. f4 Be7 20. Re2 Ba3 21.
Rae1 Qc8 22. Bxd5 cxd5 23. Nd7 f5 24. Qg3 Qxd7 25. c4 Bb2 26. Re7 Bxd4+ 27. Kh1
Qc6 28. Qd3 Qxc4 29. Qg3 Rf7 30. Rxf7 Kxf7 31. Rc1 Qe2 32. Bb4 Qe3 33. Rc7+ Kg8
34. Rxg7+ Kh8 35. Qxe3 Bxe3 36. Rxb7 Rc8 37. Bd6 Bd4 38. a3 Bg6 39. Rd7 Be8 40.
Re7 Rc1+ 41. Kh2 Bg1+ 42. Kg3 Rc3+ 43. Kh4 Bf2+ 44. g3 Bxg3# 0-1

[Event "Solingen-ch 2018"]
[Site "Solingen"]
[Date "2018.12.14"]
[Round "7.10"]
[White "Ipekyilmaz, Tayfun"]
[Black "Lux, Andreas"]
[Result "1/2-1/2"]
[WhiteElo "1736"]
[BlackElo "1839"]
[PlyCount "31"]
[EventDate "2018.??.??"]
[WhiteTeam "Langenfelder SF"]
[BlackTeam "SG Solingen"]

1. e4 c5 2. d4 cxd4 3. Nf3 e6 4. c3 dxc3 5. Nxc3 Bc5 6. Bf4 Ne7 7. Bc4 a6 8.
O-O O-O 9. Rc1 Nbc6 10. Bd6 Bxd6 11. Qxd6 f5 12. e5 Ng6 13. Rfd1 Qa5 14. Re1 b5
15. Bxe6+ dxe6 16. Qxc6 1/2-1/2

[Event "Solingen-ch 2018"]
[Site "Solingen"]
[Date "2018.12.14"]
[Round "7.11"]
[White "Sherif, Malik"]
[Black "Büttgenbach, Uwe-Eugen"]
[Result "1/2-1/2"]
[WhiteElo "1729"]
[BlackElo "1641"]
[PlyCount "40"]
[EventDate "2018.??.??"]
[WhiteTeam "SG Solingen"]
[BlackTeam "Ford SF Köln"]

1. Nf3 Nf6 2. g3 e6 3. Bg2 Be7 4. O-O O-O 5. d4 d5 6. c3 Nbd7 7. Nbd2 b6 8. Qc2
a5 9. Re1 Bb7 10. c4 c5 11. b3 Re8 12. Bb2 Ra7 13. Rad1 Qa8 14. a4 dxc4 15.
Nxc4 Be4 16. Qc1 cxd4 17. Bxd4 Rb8 18. Qb2 Bc5 19. Rc1 Bxd4 20. Qxd4 b5 1/2-1/2

[Event "Solingen-ch 2018"]
[Site "Solingen"]
[Date "2018.12.14"]
[Round "7.12"]
[White "Sereda, Yaroslava"]
[Black "Littek, Oliver"]
[Result "1-0"]
[WhiteElo "1534"]
[BlackElo "1569"]
[PlyCount "131"]
[EventDate "2018.??.??"]
[WhiteTeam "SG Solingen"]
[BlackTeam "SG Solingen"]

1. e4 e5 2. Nf3 Nc6 3. Bb5 Bc5 4. c3 d6 5. d4 exd4 6. cxd4 Bb4+ 7. Nc3 Bd7 8.
O-O Nge7 9. Bf4 Ng6 10. Bg3 O-O 11. a3 Ba5 12. b4 Bb6 13. h3 a6 14. Bc4 Qe7 15.
Re1 Rae8 16. Nd5 Qd8 17. Nxb6 cxb6 18. Bxd6 Nce7 19. Qb3 b5 20. Bd5 Bc6 21.
Bxc6 bxc6 22. Bc5 Qc7 23. Rac1 Rc8 24. Rc2 h6 25. Rec1 Rfe8 26. Qc3 Qf4 27. Qd3
Rc7 28. Bxe7 Nxe7 29. d5 Rd8 30. Qe2 Rd6 31. Nd4 Rg6 32. Nxc6 Qg5 33. Nxe7+
Rxe7 34. f3 Qh4 35. Kh1 Re5 36. Qf2 Qe7 37. Rc7 Qg5 38. f4 Rf6 39. fxg5 Rxf2
40. gxh6 Rg5 41. Rc8+ Kh7 42. g4 Re5 43. Kg1 Rf3 44. Kg2 Rxa3 45. Rd1 Rxe4 46.
d6 Ree3 47. d7 Rg3+ 48. Kf2 Raf3+ 49. Ke2 Re3+ 50. Kd2 Rd3+ 51. Kc2 Rxd1 52.
Kxd1 Rd3+ 53. Kc2 Rxd7 54. hxg7 Kxg7 55. Rc6 Ra7 56. Kc3 a5 57. bxa5 Rxa5 58.
Kb4 Ra1 59. Kxb5 Rh1 60. Rc3 Kg6 61. Kc6 f5 62. gxf5+ Kxf5 63. Kd5 Kg5 64. Ke5
Kh4 65. Kf4 Rxh3 66. Rc8 1-0

[Event "Solingen-ch 2018"]
[Site "Solingen"]
[Date "2018.12.14"]
[Round "7.13"]
[White "Ipekyilmaz, Mert"]
[Black "Wawi, Bilal"]
[Result "1-0"]
[WhiteElo "1710"]
[BlackElo "1097"]
[PlyCount "31"]
[EventDate "2018.??.??"]
[WhiteTeam "Düsseldorfer SK"]
[BlackTeam "vereinslos"]

1. e4 e5 2. Nf3 d6 3. Bc4 f5 4. d3 Nf6 5. Nc3 h6 6. g3 Nc6 7. Nh4 Nd4 8. Ng6
Rg8 9. Bxg8 Nxg8 10. Nxf8 Kxf8 11. Be3 c5 12. exf5 Bxf5 13. Bxd4 exd4 14. Qf3
Qe7+ 15. Ne2 g6 16. g4 1-0

[Event "Solingen-ch 2018"]
[Site "Solingen"]
[Date "2018.12.14"]
[Round "7.14"]
[White "Schubert, Stefan"]
[Black "Kaiser, Stephan"]
[Result "1-0"]
[WhiteElo "1592"]
[BlackElo "1800"]
[PlyCount "119"]
[EventDate "2018.??.??"]
[WhiteTeam "SG Solingen"]
[BlackTeam "SG Solingen"]

1. c4 e5 2. Nc3 Nf6 3. g3 Bb4 4. Qc2 d6 5. Bg2 c6 6. e3 Be6 7. b3 Nbd7 8. Nge2
O-O 9. O-O Rc8 10. a3 Ba5 11. b4 Bb6 12. Na4 Bc7 13. c5 d5 14. d4 Re8 15. Bb2
Bg4 16. Nac3 Bh5 17. Rad1 Bg6 18. Qd2 b6 19. f4 exd4 20. Nxd4 Bb8 21. Nxc6 Rxc6
22. Nxd5 Ne4 23. Qd4 Ndf6 24. f5 Qxd5 25. fxg6 Qxd4 26. gxf7+ Kxf7 27. Bxd4
Rce6 28. Rc1 bxc5 29. bxc5 R8e7 30. c6 Rc7 31. Rb1 Re8 32. Bxe4 Rxe4 33. Rxb8
Rxc6 34. Rb7+ Kg6 35. Rxa7 Rc2 36. Rb1 Re6 37. Rbb7 Nd5 38. Rxg7+ Kf5 39. Raf7+
Ke4 40. Rf2 Rcc6 41. Rxh7 Nxe3 42. Rh4+ Kd3 43. Bxe3 Rxe3 44. a4 Ra6 45. Rb4
Kc3 46. Rbf4 Kb3 47. R2f3 Rxf3 48. Rxf3+ Kxa4 49. h4 Kb4 50. Kg2 Kc4 51. g4 Kd5
52. Kg3 Ke6 53. g5 Ke7 54. Kg4 Ra4+ 55. Rf4 Ra1 56. Kh5 Rg1 57. Kh6 Rh1 58. h5
Rc1 59. g6 Rc6 60. Kh7 1-0